Quantum optics: an introduction (Record no. 7751)

000 -LEADER
fixed length control field 00874 a2200229 4500
020 ## - INTERNATIONAL STANDARD BOOK NUMBER
International Standard Book Number 9780198566724
020 ## - INTERNATIONAL STANDARD BOOK NUMBER
International Standard Book Number 0198566727
020 ## - INTERNATIONAL STANDARD BOOK NUMBER
International Standard Book Number 9780198566731
020 ## - INTERNATIONAL STANDARD BOOK NUMBER
International Standard Book Number 0198566735
040 ## - CATALOGING SOURCE
Original cataloging agency DLC
Language of cataloging DLC
082 00 - DEWEY DECIMAL CLASSIFICATION NUMBER
Classification number 535.15
100 1# - MAIN ENTRY--PERSONAL NAME
Personal name Fox, Mark
245 10 - TITLE STATEMENT
Title Quantum optics: an introduction
Remainder of title an introduction
Statement of responsibility, etc. Mark Fox.
260 ## - PUBLICATION, DISTRIBUTION, ETC.
Place of publication, distribution, etc. Oxford ;
-- New York :
Name of publisher, distributor, etc. Oxford University Press,
Date of publication, distribution, etc. 2006.
300 ## - PHYSICAL DESCRIPTION
Extent xvii, 378 p. :
Other physical details ill. ;
Dimensions 26 cm.
490 0# - SERIES STATEMENT
Series statement Oxford master series in physics ;
Volume/sequential designation 15
650 #0 - SUBJECT ADDED ENTRY--TOPICAL TERM
Topical term or geographic name entry element Quantum optics.
856 41 - ELECTRONIC LOCATION AND ACCESS
Materials specified Table of contents only
Uniform Resource Identifier <a href="http://www.loc.gov/catdir/toc/ecip0518/2005025707.html">http://www.loc.gov/catdir/toc/ecip0518/2005025707.html</a>
856 41 - ELECTRONIC LOCATION AND ACCESS
Materials specified Publisher description
Uniform Resource Identifier <a href="http://www.loc.gov/catdir/enhancements/fy0637/2005025707-d.html">http://www.loc.gov/catdir/enhancements/fy0637/2005025707-d.html</a>
856 41 - ELECTRONIC LOCATION AND ACCESS
Materials specified Contributor biographical information
Uniform Resource Identifier <a href="http://www.loc.gov/catdir/enhancements/fy0724/2005025707-b.html">http://www.loc.gov/catdir/enhancements/fy0724/2005025707-b.html</a>
942 ## - ADDED ENTRY ELEMENTS (KOHA)
Koha item type Book
Call number prefix 535.15 FOX
Source of classification or shelving scheme
Holdings
Withdrawn status Lost status Damaged status Not for loan Collection code Permanent Location Current Location Shelving location Date acquired Source of acquisition Cost, normal purchase price Total Checkouts Full call number Barcode Date last seen Date last checked out Price effective from Koha item type
          Central Library (CL) Central Library (CL) General Stacks 12/26/2007 Progressive International Agencies 3042.14 1 535.15 FOX SEECS008837 09/20/2016 01/20/2014 01/05/2017 Book
© 2023 Central Library, National University of Sciences and Technology. All Rights Reserved.